000
00283nam a2200145Ia 4500
100
_a
Lakshmi Narayan
650
_a
Fiction
942
_c
BK
245
_a
Bonsai Kitten
260
_b
Jufic Book
_c
2012
082
_a
808.8
_b
LAK
300
_a
295
546
_a
ENGLISH
999
_c
34734
_d
34734